000 00827nam a22002177a 4500
999 _c22301
_d22301
003 AR-CdUCM
008 190425b ||||| |||| 00| 0 spa d
040 _aMUNICIPALIDAD PROVINCIAL DEL CUSCO
_cBIBLIOTECA MUNICIPAL DEL CUSCO
082 _aSur/N°200/1991
245 _aSur :
_bsemanario regional surandino /
_cGuido Delran Cousy, Director
260 _aCusco.
_bCentro Bartolomé de las Casas,
_c1991.
300 _a8 páginas. :
_bilustraciones ;
_c29 cm.
440 _aSur.
_nAño XIV, N°200,1991.
_947821
505 _aContenido: Sur 200 nuevos rumbos y actores para un proyecto andino. -- David Salas Álvarez retratista de una época. ...
650 _aSociedad cusqueña
_947493
650 _aPolítica
_9291
650 _aSiglo XX
_947750
700 _aPancorbo, Fernando
_947822
942 _2ddc
_cPP
945 _arac